000
00317nam a2200121Ia 4500
005
20251222144925.0
008
251222s9999||||xx |||||||||||||| ||spa||
082
_a
378.104/L36
100
_a
Ledesma, A.Ecker, F.
245
0
_a
¿Solamente un Viaje?:
264
_b
Asociación Solidaridad Perú Alemania
942
_c
LIB
999
_c
22851
_d
22851